Indexing and abstracting in theory and practice / (Record no. 141)

000 -LEADER
fixed length control field 00876cam a2200277 a 4500
001 - CONTROL NUMBER
control field 13391655
003 - CONTROL NUMBER IDENTIFIER
control field OSt
005 - DATE AND TIME OF LATEST TRANSACTION
control field 20140116120819.0
008 - FIXED-LENGTH DATA ELEMENTS--GENERAL INFORMATION
fixed length control field 030321s2003 enka b 001 0 eng
010 ## - LIBRARY OF CONGRESS CONTROL NUMBER
LC control number 2003501172
020 ## - INTERNATIONAL STANDARD BOOK NUMBER
International Standard Book Number 9781856044820
035 ## - SYSTEM CONTROL NUMBER
System control number (UkLWHE)b000230820
040 ## - CATALOGING SOURCE
Original cataloging agency DLC
Transcribing agency DLC
Modifying agency DLC
050 00 - LIBRARY OF CONGRESS CALL NUMBER
Classification number Z695.9.L33 2003
100 1# - MAIN ENTRY--PERSONAL NAME
Personal name Lancaster, F. Wilfrid
Fuller form of name (Frederick Wilfrid),
Dates associated with a name 1933-
245 10 - TITLE STATEMENT
Title Indexing and abstracting in theory and practice /
Statement of responsibility, etc F.W. Lancaster.
250 ## - EDITION STATEMENT
Edition statement 3rd ed.
260 ## - PUBLICATION, DISTRIBUTION, ETC. (IMPRINT)
Place of publication, distribution, etc Illinois :
Name of publisher, distributor, etc University of Illinois,
Date of publication, distribution, etc 2003.
300 ## - PHYSICAL DESCRIPTION
Extent xix, 451 p. :
Other physical details ill. ;
Dimensions 24 cm.
504 ## - BIBLIOGRAPHY, ETC. NOTE
Bibliography, etc Includes bibliographical references and index.
650 #0 - SUBJECT ADDED ENTRY--TOPICAL TERM
Topical term or geographic name as entry element Indexing.
650 #0 - SUBJECT ADDED ENTRY--TOPICAL TERM
Topical term or geographic name as entry element Abstracting.
906 ## - LOCAL DATA ELEMENT F, LDF (RLIN)
a 7
b cbc
c origres
d 2
e ncip
f 20
g y-gencatlg
942 ## - ADDED ENTRY ELEMENTS (KOHA)
Source of classification or shelving scheme
Koha item type Book
Holdings
Withdrawn status Lost status Source of classification or shelving scheme Damaged status Not for loan Home library Current library Date acquired Total Checkouts Full call number Barcode Date last seen Copy number Price effective from Koha item type Date checked out Total Renewals
          Riara University Library Riara University Library 10/10/2011   Z695.9.L33 2003 2221/11 10/10/2011 C.1 10/10/2011 Book    
          Riara University Library Riara University Library 10/10/2011 4 Z695.9.L33 2003 2222/11 04/10/2013 C.2 10/10/2011 Book 23/09/2013  
          Riara University Library Riara University Library 10/10/2011 2 Z695.9.L33 2003 2220/11 05/11/2013 C.3 10/10/2011 Book 03/10/2013 1

Riara University Library,
P.O. Box 49940-00100,
Nairobi, Kenya.